| 000 | 00795nam a2200229 a 4500 | ||
|---|---|---|---|
| 999 |
_c2946 _d2946 |
||
| 001 | 2946 | ||
| 003 | BD-JhCC | ||
| 005 | 20171108180449.0 | ||
| 008 | 171108s1974 bg |||| ||a| 000 0 ben d | ||
| 035 | _a(BD-JhCC)2946 | ||
| 040 |
_aBD-JhCC _dBD-JhCC |
||
| 041 | _aben | ||
| 082 |
_a822.33 _bSEA 1974 |
||
| 100 | _aশেক্সপিয়ার, উইলিয়াম | ||
| 245 |
_aহ্যামলেট ডেনমার্কের রাজকুমার / _c উইলিয়াম শেক্সপিয়ার, |
||
| 260 |
_aঢাকা : _bমুক্তধারা প্রকাশনী, _c1974 |
||
| 300 |
_a192 p. : _c22 cm. |
||
| 650 | _aEnglish Drama | ||
| 700 | _aশাহরিয়ার, আবু (অনু) | ||
| 942 |
_2ddc _cBK |
||